| 000 | 01110nam a2200253 i 4500 | ||
|---|---|---|---|
| 001 | 44478 | ||
| 003 | ES-MaACL | ||
| 005 | 20250820063031.0 | ||
| 007 | t| | ||
| 008 | 030321s1965 sp ||||1| spa d | ||
| 080 | _a821.134.2 Cervantes Saavedra, Miguel de 7 Quijote.06:58 | ||
| 100 | 1 |
_aCeballos y Fernández de Córdoba, Luis, _d1896-1967 _937284 |
|
| 245 | 1 | 0 |
_aDiscurso de recepción del académico numerario Excmo. Sr. D. Luis Ceballos Fernández de Córdoba y contestación del Excmo. Sr. D. Francisco Javier Sánchez Cantón _b: sesión del 12 de diciembre de 1965. |
| 246 | 3 | _aFlora del "Quijote" | |
| 260 |
_aMadrid : _bReal Academia Española, _c1965. |
||
| 300 |
_a54 p. ; _c25 cm. |
||
| 594 | _aTema: Flora del "Quijote" | ||
| 600 | 1 | 4 |
_aCervantes Saavedra, Miguel de, _d1547-1616. _tDon Quijote de la Mancha _937612 |
| 600 | 1 | 4 |
_aCervantes Saavedra, Miguel de, _d1547-1616- _xConocimientos- _xBotánica _937598 |
| 700 | 1 |
_aSánchez Cantón, Francisco Javier, _d1891-1971 _9102521 |
|
| 710 | 2 |
_aReal Academia Española _96336 |
|
| 852 | 4 |
_aES-MaACL _jC-28440 |
|
| 999 |
_c44478 _d44478 |
||